000 03142nam0a2200421 4500
001 RU\NLR\BIBL_A\022099406
005 20240212132552.0
010 _a978-5-7389-3651-7
_9100
021 _aRU
_bКН-П-23-072996
_9КН-П-23-7372
035 _a(NLR Aleph) 022099406
035 _a(RuMoRGB)012362107
090 _a12741676
_c12741676
100 _a20231219d2022 k y0rusy50 ca
101 0 _arus
102 _aRU
105 _ay z 100yy
181 0 _ai4
_baxxe
182 0 _an
200 1 _aКнижная культура Дальневосточного региона: проблемы истории, методики, межкультурной коммуникации
_eIV всероссийская научно-методическая конференция с международным участием (Хабаровск, 08.12.22-16.12.22)
_eсборник материалов
_fМинистерство науки и высшего образования Российской Федерации, Министерство науки и высшего образования Российской Федерации, Тихоокеанский государственный университет "Тихоокеанский государственный университет"
_gпод общей редакцией доктора филологических наук О. Н. Александровой-Осокиной
203 _aТекст
_bвизуальный
_cнепосредственный
210 _aХабаровск
_cИзд-во ТОГУ
_d2022
215 _a237 с.
_d21
320 _aБиблиогр. в конце ст.
606 1 _aРусская литература
_jСъезды, совещания и т.п
_2nlr_sh1
_2nlr_sh2
_3RU\NLR\AUTH\6678541
606 1 _aРусская литература
_yРоссия
_yДальний Восток
_jСъезды, совещания и т.п
_2nlr_sh2
_3RU\NLR\AUTH\661589098
606 1 _aРусская литература
_xПреподавание
_xСредняя школа
_jСъезды, совещания и т.п
_2nlr_sh2
_3RU\NLR\AUTH\66307011
675 _a002.2(571.6)(082)
_v4
686 1 _aЧ426.21(2)31я431
686 1 _aШ5(2=Р)я431
686 1 _aШ5(2=Р)-379я431
702 1 _aАлександрова-Осокина
_bО. Н.
_f1964-
_gОльга Николаевна
_3RU\NLR\AUTH\770134769
_4340
711 1 2 _a"Книжная культура Дальневосточного региона: проблемы истории, методики, межкультурной коммуникации", всероссийская научно-методическая конференция с международным участием
_d4
_f2023
_eХабаровск
_3RU\NLR\AUTH\880602069
712 0 2 _aТихоокеанский государственный университет
_cХабаровск
_3RU\NLR\AUTH\8810082380
_4475
942 _cBOOK
980 _aNB